[Event "ODJM A 2025"]
[Site "Willingen GER"]
[Date "2025.06.14"]
[Round "9"]
[White "Arne, Jonas"]
[Black "Andresen, Marc"]
[Result "1/2-1/2"]
[Termination "normal"]
[Board "32"]
[WhiteElo "1938"]
[BlackElo "1857"]
[WhiteClock "00:33:05"]
[BlackClock "00:06:48"]
[PlyCount "85"]
[WhiteFideId "34640398"]
[BlackFideId "16233719"]
[EventCountry "GER"]
[EventRounds "9"]
[EventType "swiss"]
[EventDate "2025.06.07"]

1. e4 {[%clk 01:30:58]} {[%emt 00:00:01]} c6 {[%clk 01:30:53]} {[%emt
00:00:08]} 2. d4 {[%clk 01:31:25]} {[%emt 00:00:04]} d5 {[%clk 01:31:20]}
{[%emt 00:00:03]} 3. exd5 {[%clk 01:31:50]} {[%emt 00:00:04]} cxd5 {[%clk
01:31:37]} {[%emt 00:00:14]} 4. Bd3 {[%clk 01:32:15]} {[%emt 00:00:04]} Nc6
{[%clk 01:32:02]} {[%emt 00:00:05]} 5. c3 {[%clk 01:32:41]} {[%emt 00:00:04]}
Nf6 {[%clk 01:32:29]} {[%emt 00:00:04]} 6. h3 {[%clk 01:33:06]} {[%emt
00:00:05]} e5 {[%clk 01:32:56]} {[%emt 00:00:03]} 7. dxe5 {[%clk 01:32:36]}
{[%emt 00:01:01]} Nxe5 {[%clk 01:33:21]} {[%emt 00:00:04]} 8. Nf3 {[%clk
01:32:07]} {[%emt 00:00:59]} Nxd3+ {[%clk 01:33:46]} {[%emt 00:00:05]} 9. Qxd3
{[%clk 01:32:30]} {[%emt 00:00:06]} Bd6 {[%clk 01:34:11]} {[%emt 00:00:05]} 10.
O-O {[%clk 01:32:08]} {[%emt 00:00:51]} O-O {[%clk 01:34:19]} {[%emt 00:00:23]}
11. Bg5 {[%clk 01:31:46]} {[%emt 00:00:52]} h6 {[%clk 01:34:44]} {[%emt
00:00:06]} 12. Bh4 {[%clk 01:31:56]} {[%emt 00:00:07]} g5 {[%clk 01:33:11]}
{[%emt 00:02:16]} 13. Bg3 {[%clk 01:32:09]} {[%emt 00:00:16]} Nh5 {[%clk
01:33:05]} {[%emt 00:00:37]} 14. Nd4 {[%clk 01:27:25]} {[%emt 00:05:14]} Nf4
{[%clk 01:18:46]} {[%emt 00:14:49]} 15. Bxf4 {[%clk 01:20:52]} {[%emt
00:07:02]} Bxf4 {[%clk 01:18:56]} {[%emt 00:00:20]} 16. Nd2 {[%clk 01:20:55]}
{[%emt 00:00:27]} a6 {[%clk 00:54:46]} {[%emt 00:24:41]} 17. Rfe1 {[%clk
01:16:46]} {[%emt 00:04:38]} Qf6 {[%clk 00:46:18]} {[%emt 00:08:58]} 18. Nf1
{[%clk 01:07:08]} {[%emt 00:10:08]} Bc7 {[%clk 00:36:54]} {[%emt 00:09:54]} 19.
Ne3 {[%clk 01:03:07]} {[%emt 00:04:31]} Qd6 {[%clk 00:29:10]} {[%emt 00:08:15]}
20. Nf3 {[%clk 00:59:52]} {[%emt 00:03:44]} Be6 {[%clk 00:26:44]} {[%emt
00:02:56]} 21. Rad1 {[%clk 00:59:29]} {[%emt 00:00:52]} Rad8 {[%clk 00:27:04]}
{[%emt 00:00:11]} 22. Nf5 {[%clk 00:56:57]} {[%emt 00:03:02]} Bxf5 {[%clk
00:25:38]} {[%emt 00:01:56]} 23. Qxf5 {[%clk 00:57:21]} {[%emt 00:00:06]} Qb6
{[%clk 00:25:57]} {[%emt 00:00:12]} 24. h4 {[%clk 00:43:38]} {[%emt 00:14:12]}
Bg3 {[%clk 00:21:38]} {[%emt 00:04:49]} 25. Nd4 {[%clk 00:40:01]} {[%emt
00:04:07]} Bxh4 {[%clk 00:21:17]} {[%emt 00:00:52]} 26. g3 {[%clk 00:40:03]}
{[%emt 00:00:27]} Bxg3 {[%clk 00:21:42]} {[%emt 00:00:05]} 27. fxg3 {[%clk
00:40:27]} {[%emt 00:00:07]} Qxb2 {[%clk 00:22:08]} {[%emt 00:00:03]} 28. Qc2
{[%clk 00:38:43]} {[%emt 00:02:14]} Qxc2 {[%clk 00:15:03]} {[%emt 00:07:36]}
29. Nxc2 {[%clk 00:37:48]} {[%emt 00:01:24]} Rc8 {[%clk 00:15:29]} {[%emt
00:00:04]} 30. Re3 {[%clk 00:37:57]} {[%emt 00:00:21]} Rc5 {[%clk 00:15:55]}
{[%emt 00:00:05]} 31. Nb4 {[%clk 00:38:09]} {[%emt 00:00:35]} Rd8 {[%clk
00:16:01]} {[%emt 00:00:06]} 32. Red3 {[%clk 00:38:24]} {[%emt 00:00:15]} f6
{[%clk 00:12:01]} {[%emt 00:04:30]} 33. Rxd5 {[%clk 00:37:18]} {[%emt
00:01:36]} Rdxd5 {[%clk 00:12:25]} {[%emt 00:00:06]} 34. Nxd5 {[%clk 00:37:42]}
{[%emt 00:00:06]} Kf7 {[%clk 00:12:45]} {[%emt 00:00:10]} 35. Rd3 {[%clk
00:36:22]} {[%emt 00:01:49]} Ke6 {[%clk 00:12:40]} {[%emt 00:00:36]} 36. Ne3
{[%clk 00:35:46]} {[%emt 00:01:07]} Ra5 {[%clk 00:12:37]} {[%emt 00:00:32]} 37.
Rd2 {[%clk 00:35:58]} {[%emt 00:00:18]} Ra3 {[%clk 00:12:08]} {[%emt 00:00:59]}
38. Rc2 {[%clk 00:36:03]} {[%emt 00:00:25]} f5 {[%clk 00:12:22]} {[%emt
00:00:17]} 39. Kf2 {[%clk 00:35:54]} {[%emt 00:00:38]} f4 {[%clk 00:07:20]}
{[%emt 00:05:32]} 40. gxf4 {[%clk 00:35:44]} {[%emt 00:00:39]} gxf4 {[%clk
00:07:46]} {[%emt 00:00:05]} 41. Ng2 {[%clk 00:35:11]} {[%emt 00:01:03]} Kd5
{[%clk 00:06:24]} {[%emt 00:01:53]} 42. Nxf4+ {[%clk 00:34:21]} {[%emt
00:01:20]} Kc4 {[%clk 00:06:48]} {[%emt 00:00:05]} 43. Ne2 {[%clk 00:33:05]}
{[%emt 00:01:47]} 1/2-1/2

[Event "ODJM A 2025"]
[Site "Willingen GER"]
[Date "2025.06.14"]
[Round "9"]
[White "Hierl, Andreas"]
[Black "Seitz, Manuel"]
[Result "1/2-1/2"]
[Termination "normal"]
[Board "33"]
[WhiteElo "1767"]
[BlackElo "1859"]
[WhiteClock "00:12:40"]
[BlackClock "00:02:35"]
[PlyCount "102"]
[WhiteFideId "34660496"]
[BlackFideId "16215770"]
[EventCountry "GER"]
[EventRounds "9"]
[EventType "swiss"]
[EventDate "2025.06.07"]

1. g4 {[%clk 01:30:55]} {[%emt 00:00:04]} e5 {[%clk 01:28:53]} {[%emt
00:02:07]} 2. Bg2 {[%clk 01:31:15]} {[%emt 00:00:11]} d5 {[%clk 01:29:05]}
{[%emt 00:00:17]} 3. h3 {[%clk 01:31:31]} {[%emt 00:00:14]} c6 {[%clk
01:22:58]} {[%emt 00:06:37]} 4. c4 {[%clk 01:31:27]} {[%emt 00:00:34]} dxc4
{[%clk 01:16:14]} {[%emt 00:07:15]} 5. Nc3 {[%clk 01:31:40]} {[%emt 00:00:16]}
Bd6 {[%clk 01:13:59]} {[%emt 00:02:45]} 6. Nf3 {[%clk 01:29:53]} {[%emt
00:02:17]} Ne7 {[%clk 01:10:29]} {[%emt 00:04:00]} 7. d3 {[%clk 01:24:51]}
{[%emt 00:05:32]} cxd3 {[%clk 01:07:12]} {[%emt 00:03:48]} 8. Qxd3 {[%clk
01:24:35]} {[%emt 00:00:46]} Be6 {[%clk 01:03:30]} {[%emt 00:04:12]} 9. Be3
{[%clk 01:20:39]} {[%emt 00:04:25]} Nd5 {[%clk 00:55:14]} {[%emt 00:08:46]} 10.
Rd1 {[%clk 01:17:09]} {[%emt 00:03:59]} Na6 {[%clk 00:46:45]} {[%emt 00:09:00]}
11. a3 {[%clk 01:10:19]} {[%emt 00:07:21]} Qa5 {[%clk 00:37:26]} {[%emt
00:09:48]} 12. O-O {[%clk 00:56:27]} {[%emt 00:14:21]} Nxc3 {[%clk 00:34:29]}
{[%emt 00:03:28]} 13. bxc3 {[%clk 00:54:53]} {[%emt 00:02:05]} Rd8 {[%clk
00:31:38]} {[%emt 00:03:20]} 14. Rb1 {[%clk 00:47:34]} {[%emt 00:07:49]} Qc7
{[%clk 00:29:25]} {[%emt 00:02:43]} 15. Rfd1 {[%clk 00:44:50]} {[%emt
00:03:14]} Bd5 {[%clk 00:26:24]} {[%emt 00:03:31]} 16. Qf5 {[%clk 00:40:44]}
{[%emt 00:04:35]} h6 {[%clk 00:18:21]} {[%emt 00:08:34]} 17. Bxa7 {[%clk
00:36:58]} {[%emt 00:04:16]} Qe7 {[%clk 00:15:23]} {[%emt 00:03:27]} 18. Bb6
{[%clk 00:33:45]} {[%emt 00:03:45]} Rb8 {[%clk 00:13:49]} {[%emt 00:02:03]} 19.
Rd2 {[%clk 00:30:35]} {[%emt 00:03:39]} e4 {[%clk 00:13:18]} {[%emt 00:01:02]}
20. Bd4 {[%clk 00:23:29]} {[%emt 00:07:37]} g6 {[%clk 00:11:54]} {[%emt
00:01:55]} 21. Qf6 {[%clk 00:23:24]} {[%emt 00:00:34]} Qxf6 {[%clk 00:12:03]}
{[%emt 00:00:22]} 22. Bxf6 {[%clk 00:23:41]} {[%emt 00:00:12]} exf3 {[%clk
00:12:09]} {[%emt 00:00:25]} 23. Bxf3 {[%clk 00:21:55]} {[%emt 00:02:16]} O-O
{[%clk 00:10:59]} {[%emt 00:01:39]} 24. Bxd5 {[%clk 00:19:39]} {[%emt
00:02:46]} cxd5 {[%clk 00:11:23]} {[%emt 00:00:07]} 25. Rxd5 {[%clk 00:19:56]}
{[%emt 00:00:12]} Bxa3 {[%clk 00:10:30]} {[%emt 00:01:23]} 26. Be5 {[%clk
00:19:12]} {[%emt 00:01:15]} Rbd8 {[%clk 00:10:08]} {[%emt 00:00:52]} 27. Rxd8
{[%clk 00:18:46]} {[%emt 00:00:55]} Rxd8 {[%clk 00:10:36]} {[%emt 00:00:02]}
28. Rxb7 {[%clk 00:19:07]} {[%emt 00:00:10]} Bf8 {[%clk 00:09:53]} {[%emt
00:01:11]} 29. Ra7 {[%clk 00:13:31]} {[%emt 00:06:07]} Nc5 {[%clk 00:09:19]}
{[%emt 00:01:04]} 30. Bd4 {[%clk 00:10:11]} {[%emt 00:03:50]} Ne6 {[%clk
00:08:58]} {[%emt 00:00:51]} 31. e3 {[%clk 00:10:00]} {[%emt 00:00:41]} Rc8
{[%clk 00:08:49]} {[%emt 00:00:38]} 32. Ra2 {[%clk 00:09:41]} {[%emt 00:00:49]}
Bg7 {[%clk 00:08:39]} {[%emt 00:00:40]} 33. Kg2 {[%clk 00:09:37]} {[%emt
00:00:35]} Ng5 {[%clk 00:08:13]} {[%emt 00:00:56]} 34. f3 {[%clk 00:08:19]}
{[%emt 00:01:48]} Ne6 {[%clk 00:07:34]} {[%emt 00:01:09]} 35. Ra4 {[%clk
00:06:14]} {[%emt 00:02:34]} Rb8 {[%clk 00:06:15]} {[%emt 00:01:49]} 36. Ra3
{[%clk 00:02:43]} {[%emt 00:04:02]} Nc7 {[%clk 00:05:03]} {[%emt 00:01:41]} 37.
Kg3 {[%clk 00:00:36]} {[%emt 00:02:37]} Nd5 {[%clk 00:04:44]} {[%emt 00:00:49]}
38. c4 {[%clk 00:00:34]} {[%emt 00:00:33]} Nc7 {[%clk 00:04:11]} {[%emt
00:01:03]} 39. Ra7 {[%clk 00:00:36]} {[%emt 00:00:28]} Ne6 {[%clk 00:04:07]}
{[%emt 00:00:33]} 40. Bxg7 {[%clk 00:00:32]} {[%emt 00:00:35]} Kxg7 {[%clk
00:04:03]} {[%emt 00:00:35]} 41. Ra3 {[%clk 00:29:03]} {[%emt 00:01:58]} Rc8
{[%clk 00:29:41]} {[%emt 00:04:52]} 42. Rc3 {[%clk 00:29:18]} {[%emt 00:00:15]}
Kf6 {[%clk 00:28:23]} {[%emt 00:01:48]} 43. f4 {[%clk 00:25:41]} {[%emt
00:04:07]} Nc5 {[%clk 00:26:45]} {[%emt 00:02:07]} 44. Kf3 {[%clk 00:25:49]}
{[%emt 00:00:22]} Ke6 {[%clk 00:26:07]} {[%emt 00:01:07]} 45. Rc2 {[%clk
00:22:59]} {[%emt 00:03:22]} Nd7 {[%clk 00:18:48]} {[%emt 00:07:47]} 46. Ke4
{[%clk 00:20:24]} {[%emt 00:03:06]} Nf6+ {[%clk 00:17:25]} {[%emt 00:01:53]}
47. Kf3 {[%clk 00:19:33]} {[%emt 00:01:21]} Ne8 {[%clk 00:15:09]} {[%emt
00:02:47]} 48. Ke4 {[%clk 00:16:36]} {[%emt 00:03:26]} Nd6+ {[%clk 00:14:51]}
{[%emt 00:00:49]} 49. Kd4 {[%clk 00:16:24]} {[%emt 00:00:41]} f5 {[%clk
00:14:19]} {[%emt 00:01:02]} 50. c5 {[%clk 00:13:27]} {[%emt 00:03:28]} Ne4
{[%clk 00:09:07]} {[%emt 00:05:41]} 51. Rb2 {[%clk 00:12:40]} {[%emt 00:01:17]}
Rd8+ {[%clk 00:02:35]} {[%emt 00:07:03]} 1/2-1/2

[Event "ODJM A 2025"]
[Site "Willingen GER"]
[Date "2025.06.14"]
[Round "9"]
[White "Meyer, Henry Paul"]
[Black "Theisen, Johannes"]
[Result "1-0"]
[Termination "normal"]
[Board "35"]
[WhiteElo "1841"]
[BlackElo "1831"]
[WhiteClock "00:08:48"]
[BlackClock "00:23:21"]
[PlyCount "113"]
[WhiteFideId "34645802"]
[BlackFideId "16255526"]
[EventCountry "GER"]
[EventRounds "9"]
[EventType "swiss"]
[EventDate "2025.06.07"]

1. Nf3 {[%clk 01:30:53]} {[%emt 00:00:06]} d5 {[%clk 01:30:56]} {[%emt
00:00:05]} 2. g3 {[%clk 01:31:14]} {[%emt 00:00:09]} Nd7 {[%clk 01:31:21]}
{[%emt 00:00:05]} 3. d4 {[%clk 01:31:29]} {[%emt 00:00:15]} Nb6 {[%clk
01:31:45]} {[%emt 00:00:06]} 4. Bg2 {[%clk 01:29:14]} {[%emt 00:02:44]} Bf5
{[%clk 01:31:56]} {[%emt 00:00:19]} 5. O-O {[%clk 01:28:01]} {[%emt 00:01:44]}
e6 {[%clk 01:31:54]} {[%emt 00:00:32]} 6. Nbd2 {[%clk 01:26:28]} {[%emt
00:02:00]} Nf6 {[%clk 01:31:33]} {[%emt 00:00:53]} 7. b3 {[%clk 01:25:27]}
{[%emt 00:01:31]} h6 {[%clk 01:31:20]} {[%emt 00:00:43]} 8. Bb2 {[%clk
01:23:41]} {[%emt 00:02:17]} Be7 {[%clk 01:31:13]} {[%emt 00:00:37]} 9. c4
{[%clk 01:20:04]} {[%emt 00:04:06]} c6 {[%clk 01:30:14]} {[%emt 00:01:30]} 10.
Ne5 {[%clk 01:16:53]} {[%emt 00:03:40]} O-O {[%clk 01:30:08]} {[%emt 00:00:36]}
11. Re1 {[%clk 01:16:12]} {[%emt 00:01:11]} Qc7 {[%clk 01:25:31]} {[%emt
00:05:08]} 12. e4 {[%clk 01:07:14]} {[%emt 00:09:28]} dxe4 {[%clk 01:22:05]}
{[%emt 00:03:56]} 13. Nxe4 {[%clk 01:06:36]} {[%emt 00:01:07]} Nxe4 {[%clk
01:21:42]} {[%emt 00:00:53]} 14. Bxe4 {[%clk 01:06:41]} {[%emt 00:00:25]} Bxe4
{[%clk 01:22:07]} {[%emt 00:00:05]} 15. Rxe4 {[%clk 01:07:02]} {[%emt
00:00:09]} Rad8 {[%clk 01:15:53]} {[%emt 00:06:44]} 16. Qc2 {[%clk 01:02:04]}
{[%emt 00:05:27]} Nd7 {[%clk 01:05:23]} {[%emt 00:11:01]} 17. Rd1 {[%clk
00:45:05]} {[%emt 00:17:29]} Nf6 {[%clk 00:37:19]} {[%emt 00:28:35]} 18. Re2
{[%clk 00:39:55]} {[%emt 00:05:39]} a5 {[%clk 00:35:04]} {[%emt 00:02:45]} 19.
Red2 {[%clk 00:29:26]} {[%emt 00:10:58]} Rc8 {[%clk 00:33:32]} {[%emt
00:02:02]} 20. Qd3 {[%clk 00:22:44]} {[%emt 00:07:11]} Rfd8 {[%clk 00:32:17]}
{[%emt 00:01:46]} 21. Qf3 {[%clk 00:21:11]} {[%emt 00:02:03]} a4 {[%clk
00:26:48]} {[%emt 00:06:00]} 22. Rd3 {[%clk 00:17:58]} {[%emt 00:03:43]} Bf8
{[%clk 00:19:53]} {[%emt 00:07:25]} 23. Bc1 {[%clk 00:16:24]} {[%emt 00:02:04]}
Ne8 {[%clk 00:15:55]} {[%emt 00:04:27]} 24. Qg4 {[%clk 00:14:54]} {[%emt
00:02:00]} Nf6 {[%clk 00:11:35]} {[%emt 00:04:51]} 25. Qf3 {[%clk 00:14:32]}
{[%emt 00:00:52]} Ne8 {[%clk 00:06:33]} {[%emt 00:05:31]} 26. h4 {[%clk
00:13:59]} {[%emt 00:01:04]} c5 {[%clk 00:03:09]} {[%emt 00:03:54]} 27. Bf4
{[%clk 00:11:23]} {[%emt 00:03:05]} Bd6 {[%clk 00:01:54]} {[%emt 00:01:44]} 28.
dxc5 {[%clk 00:10:47]} {[%emt 00:01:08]} Bxe5 {[%clk 00:00:46]} {[%emt
00:01:38]} 29. Rxd8 {[%clk 00:11:00]} {[%emt 00:00:17]} Rxd8 {[%clk 00:01:00]}
{[%emt 00:00:17]} 30. Rxd8 {[%clk 00:11:09]} {[%emt 00:00:20]} Qxd8 {[%clk
00:01:23]} {[%emt 00:00:06]} 31. Bxe5 {[%clk 00:11:30]} {[%emt 00:00:10]} axb3
{[%clk 00:01:10]} {[%emt 00:00:43]} 32. axb3 {[%clk 00:11:36]} {[%emt
00:00:24]} f6 {[%clk 00:00:34]} {[%emt 00:01:06]} 33. Bc3 {[%clk 00:11:43]}
{[%emt 00:00:23]} Qc8 {[%clk 00:00:49]} {[%emt 00:00:15]} 34. Qe4 {[%clk
00:10:16]} {[%emt 00:01:54]} Kf7 {[%clk 00:00:56]} {[%emt 00:00:25]} 35. b4
{[%clk 00:10:05]} {[%emt 00:00:42]} f5 {[%clk 00:00:48]} {[%emt 00:00:38]} 36.
Qd3 {[%clk 00:06:35]} {[%emt 00:03:59]} Qc6 {[%clk 00:00:53]} {[%emt 00:00:25]}
37. Be5 {[%clk 00:05:34]} {[%emt 00:01:30]} g5 {[%clk 00:00:51]} {[%emt
00:00:33]} 38. hxg5 {[%clk 00:04:33]} {[%emt 00:01:32]} hxg5 {[%clk 00:01:20]}
{[%emt 00:00:01]} 39. Qe3 {[%clk 00:02:27]} {[%emt 00:02:35]} Kg6 {[%clk
00:01:11]} {[%emt 00:00:39]} 40. Qd3 {[%clk 00:01:05]} {[%emt 00:01:52]} Qc8
{[%clk 00:00:31]} {[%emt 00:01:11]} 41. Qd4 {[%clk 00:00:45]} {[%emt 00:00:49]}
Qc6 {[%clk 00:30:02]} {[%emt 00:01:00]} 42. Qd8 {[%clk 00:22:43]} {[%emt
00:08:28]} Kh6 {[%clk 00:26:59]} {[%emt 00:03:35]} 43. Qe7 {[%clk 00:17:35]}
{[%emt 00:05:36]} Kh5 {[%clk 00:24:05]} {[%emt 00:03:26]} 44. Kh2 {[%clk
00:10:05]} {[%emt 00:07:59]} Kg6 {[%clk 00:23:47]} {[%emt 00:00:50]} 45. b5
{[%clk 00:10:12]} {[%emt 00:00:23]} Qc8 {[%clk 00:24:09]} {[%emt 00:00:08]} 46.
Kg2 {[%clk 00:09:12]} {[%emt 00:01:30]} Kh6 {[%clk 00:23:55]} {[%emt 00:00:44]}
47. Kh3 {[%clk 00:08:40]} {[%emt 00:01:02]} Kg6 {[%clk 00:24:06]} {[%emt
00:00:19]} 48. f4 {[%clk 00:08:39]} {[%emt 00:00:31]} gxf4 {[%clk 00:22:36]}
{[%emt 00:02:00]} 49. gxf4 {[%clk 00:08:56]} {[%emt 00:00:13]} Kh6 {[%clk
00:22:28]} {[%emt 00:00:37]} 50. Kh4 {[%clk 00:08:25]} {[%emt 00:01:02]} Kg6
{[%clk 00:22:21]} {[%emt 00:00:37]} 51. Kg3 {[%clk 00:08:30]} {[%emt 00:00:26]}
Kh6 {[%clk 00:22:25]} {[%emt 00:00:25]} 52. Kh3 {[%clk 00:08:14]} {[%emt
00:00:45]} Kg6 {[%clk 00:21:53]} {[%emt 00:01:02]} 53. Kh4 {[%clk 00:08:18]}
{[%emt 00:00:25]} Kh6 {[%clk 00:22:20]} {[%emt 00:00:04]} 54. Qf8+ {[%clk
00:08:34]} {[%emt 00:00:15]} Kg6 {[%clk 00:22:32]} {[%emt 00:00:18]} 55. Qg8+
{[%clk 00:08:41]} {[%emt 00:00:22]} Kh6 {[%clk 00:22:57]} {[%emt 00:00:05]} 56.
Qh8+ {[%clk 00:08:48]} {[%emt 00:00:24]} Kg6 {[%clk 00:23:21]} {[%emt
00:00:06]} 57. Qh5# {[%emt 00:00:07]} 1-0

[Event "ODJM A 2025"]
[Site "Willingen GER"]
[Date "2025.06.14"]
[Round "9"]
[White "Grunert, Wilhelm"]
[Black "Friedhoff, Mirco"]
[Result "1/2-1/2"]
[Termination "normal"]
[Board "36"]
[WhiteElo "1892"]
[BlackElo "1838"]
[WhiteClock "00:54:10"]
[BlackClock "00:00:43"]
[PlyCount "43"]
[WhiteFideId "12995673"]
[BlackFideId "16243447"]
[EventCountry "GER"]
[EventRounds "9"]
[EventType "swiss"]
[EventDate "2025.06.07"]

1. e4 {[%clk 01:30:58]} {[%emt 00:00:02]} e5 {[%clk 01:30:54]} {[%emt
00:00:07]} 2. Nf3 {[%clk 01:31:23]} {[%emt 00:00:04]} Nf6 {[%clk 01:31:20]}
{[%emt 00:00:04]} 3. Nxe5 {[%clk 01:31:45]} {[%emt 00:00:09]} d6 {[%clk
01:31:45]} {[%emt 00:00:04]} 4. Nf3 {[%clk 01:32:07]} {[%emt 00:00:07]} Nxe4
{[%clk 01:32:09]} {[%emt 00:00:05]} 5. Nc3 {[%clk 01:32:27]} {[%emt 00:00:12]}
Nxc3 {[%clk 01:32:30]} {[%emt 00:00:09]} 6. dxc3 {[%clk 01:32:49]} {[%emt
00:00:08]} Be7 {[%clk 01:32:45]} {[%emt 00:00:15]} 7. Be3 {[%clk 01:32:53]}
{[%emt 00:00:25]} O-O {[%clk 01:33:04]} {[%emt 00:00:11]} 8. Qd2 {[%clk
01:32:58]} {[%emt 00:00:25]} Nc6 {[%clk 01:33:17]} {[%emt 00:00:18]} 9. O-O-O
{[%clk 01:32:37]} {[%emt 00:00:51]} Be6 {[%clk 01:31:42]} {[%emt 00:02:05]} 10.
Kb1 {[%clk 01:30:43]} {[%emt 00:02:24]} Ne5 {[%clk 01:30:39]} {[%emt 00:01:33]}
11. h3 {[%clk 01:25:12]} {[%emt 00:06:01]} Nc4 {[%clk 01:28:10]} {[%emt
00:03:00]} 12. Bxc4 {[%clk 01:25:22]} {[%emt 00:00:19]} Bxc4 {[%clk 01:28:31]}
{[%emt 00:00:09]} 13. g4 {[%clk 01:22:49]} {[%emt 00:03:03]} c5 {[%clk
01:25:46]} {[%emt 00:03:15]} 14. Bf4 {[%clk 01:05:59]} {[%emt 00:17:20]} Qa5
{[%clk 01:20:09]} {[%emt 00:06:07]} 15. b3 {[%clk 01:05:10]} {[%emt 00:01:19]}
Bf6 {[%clk 01:16:31]} {[%emt 00:04:07]} 16. Kb2 {[%clk 00:55:12]} {[%emt
00:10:29]} Be2 {[%clk 01:14:12]} {[%emt 00:02:49]} 17. Qxe2 {[%clk 00:52:12]}
{[%emt 00:03:30]} Qxc3+ {[%clk 01:06:04]} {[%emt 00:08:38]} 18. Kc1 {[%clk
00:52:34]} {[%emt 00:00:09]} Qb2+ {[%clk 00:59:45]} {[%emt 00:06:48]} 19. Kd2
{[%clk 00:52:57]} {[%emt 00:00:06]} Qc3+ {[%clk 00:30:11]} {[%emt 00:30:04]}
20. Kc1 {[%clk 00:53:21]} {[%emt 00:00:06]} Qb2+ {[%clk 00:02:25]} {[%emt
00:28:16]} 21. Kd2 {[%clk 00:53:45]} {[%emt 00:00:07]} Qc3+ {[%clk 00:00:43]}
{[%emt 00:02:12]} 22. Kc1 {[%clk 00:54:10]} {[%emt 00:00:05]} 1/2-1/2

[Event "ODJM A 2025"]
[Site "Willingen GER"]
[Date "2025.06.14"]
[Round "9"]
[White "Heilig, Tim Markus"]
[Black "Schulz, Tim"]
[Result "1/2-1/2"]
[Termination "normal"]
[Board "37"]
[WhiteElo "1926"]
[BlackElo "1976"]
[WhiteClock "00:27:26"]
[BlackClock "00:55:31"]
[PlyCount "40"]
[WhiteFideId "16295935"]
[BlackFideId "34629165"]
[EventCountry "GER"]
[EventRounds "9"]
[EventType "swiss"]
[EventDate "2025.06.07"]

1. e4 {[%clk 01:30:57]} {[%emt 00:00:02]} c5 {[%clk 01:30:49]} {[%emt
00:00:11]} 2. c3 {[%clk 01:31:20]} {[%emt 00:00:06]} g6 {[%clk 01:31:13]}
{[%emt 00:00:07]} 3. d4 {[%clk 01:31:05]} {[%emt 00:00:45]} cxd4 {[%clk
01:31:35]} {[%emt 00:00:09]} 4. cxd4 {[%clk 01:31:28]} {[%emt 00:00:06]} d5
{[%clk 01:32:01]} {[%emt 00:00:04]} 5. e5 {[%clk 01:30:19]} {[%emt 00:01:39]}
Nc6 {[%clk 01:32:23]} {[%emt 00:00:09]} 6. Be3 {[%clk 01:26:58]} {[%emt
00:03:51]} Nh6 {[%clk 01:32:20]} {[%emt 00:00:32]} 7. Nf3 {[%clk 01:24:59]}
{[%emt 00:02:29]} Bg4 {[%clk 01:28:47]} {[%emt 00:04:03]} 8. Nc3 {[%clk
01:19:14]} {[%emt 00:06:15]} Nf5 {[%clk 01:26:50]} {[%emt 00:02:27]} 9. Be2
{[%clk 01:16:47]} {[%emt 00:02:57]} Nxe3 {[%clk 01:23:12]} {[%emt 00:04:08]}
10. fxe3 {[%clk 01:14:13]} {[%emt 00:03:04]} Bh6 {[%clk 01:22:33]} {[%emt
00:01:09]} 11. Qd2 {[%clk 01:03:17]} {[%emt 00:11:26]} e6 {[%clk 01:21:16]}
{[%emt 00:01:47]} 12. O-O {[%clk 00:57:40]} {[%emt 00:06:07]} a6 {[%clk
01:18:43]} {[%emt 00:03:03]} 13. h3 {[%clk 00:55:27]} {[%emt 00:02:42]} Bxf3
{[%clk 01:18:05]} {[%emt 00:01:09]} 14. Rxf3 {[%clk 00:55:43]} {[%emt
00:00:14]} O-O {[%clk 01:17:18]} {[%emt 00:01:17]} 15. Raf1 {[%clk 00:53:31]}
{[%emt 00:02:42]} Qa5 {[%clk 01:16:28]} {[%emt 00:01:19]} 16. Qe1 {[%clk
00:44:26]} {[%emt 00:09:36]} b5 {[%clk 01:12:37]} {[%emt 00:04:21]} 17. a3
{[%clk 00:39:25]} {[%emt 00:05:32]} Rab8 {[%clk 01:03:29]} {[%emt 00:09:37]}
18. Qf2 {[%clk 00:36:03]} {[%emt 00:03:52]} Rb7 {[%clk 01:01:46]} {[%emt
00:02:14]} 19. e4 {[%clk 00:31:16]} {[%emt 00:05:17]} Qb6 {[%clk 00:58:12]}
{[%emt 00:04:03]} 20. Rd1 {[%clk 00:27:26]} {[%emt 00:04:19]} Rd7 {[%clk
00:55:31]} {[%emt 00:03:11]} 1/2-1/2